000 00753nas a2200241 4500
001 BR8201863
003 BR-BrBNA
005 20231205085118.0
007 ta
008 230509b bl.|||p| |||| 00| 00por d
040 _aBR-BrBNA
_bpor
_cBiblioteca Nacional de Agricultura
041 _a(Pt)
072 _aL00; L10
100 1 _aSilva, L.R.M. da
245 1 _aCaracteristicas a observar na escolha de uma boa vaca leiteira [Producao leiteira; Selecao genetica; Brasil]
650 _aVACA LEITEIRA
650 _aLEITE
650 _aRACA
650 _aSELECAO GENETICA
773 0 _tRevista dos Criadores (Brazil)
_xISSN 0034-9259
_g(Mar 1982), v. 51(626) p. 28-29
_wBR8201863
909 _a202311
_bLúcia
_c55
_dLúcia Elande
942 _2AGRIS
_n0
_cANA
999 _c109290
_d109290